Nommez l'auteur de... #3 Édition citations célèbres - Statistiques

Statistiques générales
  • Ce quiz a été pris 35 fois
  • Le résultat moyen est 2 sur 15
Statistiques - réponses
Citation Auteur % Correct
Etre ou ne pas être: là est la question. William Shakespeare
81%
Hier encore, j'avais vingt ans, je gaspillais le temps en croyant l'arrêter, et pour le retenir même le devancer, je n'ai fait que courir et me suis essoufflé. Charles Aznavour
77%
On peut juger de la grandeur d'une nation par la façon dont les animaux y sont traités. Gandhi
16%
Le courage n'est pas l'absence de peur, mais la capacité de vaincre ce qui fait peur. Nelson Mandela
10%
Vivez comme si vous deviez mourir demain, apprenez comme si vous deviez vivre toujours. Bouddha
6%
A chaque fois que j'entends quelqu'un défendre l'esclavage, j'ai une énorme envie de lui voir appliqué personnellement. Abraham Lincoln
3%
Dites à votre général que je lui répondrai par la bouche de mes canons. Louis de Buade de Frontenac
3%
Soyons reconnaissants envers les gens qui nous rendent heureux. Ils sont les jardiniers qui font fleurir notre âme. Marcel Proust
3%
Si tu es prêt à sacrifier un peu de liberté pour te sentir en sécurité, tu ne mérites ni l'une ni l'autre. Thomas Jefferson
3%
Ma souffrance est peut être la raison pour laquelle une personne rit mais mon rire ne devrait jamais être la raison pour laquelle une personne souffre. Albert Einstein
0%
Avoir peur c'est aimer. Donner peur c'est haïr. Félix Leclerc
0%
Je fuis mon semblable. Dans tout semblable, il y a un sosie. Georges Braque
0%
Le dieu mène toujours le semblable vers le semblable. Homère
0%
La rigueur vient toujours à bout de l'obstacle. Leonard de Vinci
0%
La bouche obéit mal lorsque le cœur murmure. Voltaire
0%
Aucun quiz correspondant
Distribution des résultats
% des personnes avec chaque résultat
Percentile par nombre de réponses
Votre historique - résultats
Vous n’avez pas pris ce quiz